Paediatric Dentistry (Record no. 20832)

MARC details
000 -LEADER
fixed length control field 00356nam a22001577a 4500
003 - CONTROL NUMBER IDENTIFIER
control field SGT
020 ## - INTERNATIONAL STANDARD BOOK NUMBER
International Standard Book Number 9788181914958
082 ## - DEWEY DECIMAL CLASSIFICATION NUMBER
Classification number 617.432
Item number P18T
100 ## - MAIN ENTRY--PERSONAL NAME
Personal name Tandon Shobha
245 ## - TITLE STATEMENT
Title Paediatric Dentistry
250 ## - EDITION STATEMENT
Edition statement 3rd
260 ## - PUBLICATION, DISTRIBUTION, ETC. (IMPRINT)
Place of publication, distribution, etc NEW DELHI
Name of publisher, distributor, etc PARAS MEDICAL PUBLISHER
Year of Publication 2018
300 ## - PAGE DESCRIPTION
No. of Pages 1586
650 ## - SUBJECT ADDED ENTRY--TOPICAL TERM
Topical term or geographic name as entry element PEDODONTICS
942 ## - ADDED ENTRY ELEMENTS (KOHA)
Source of classification or shelving scheme Dewey Decimal Classification
Koha item type Books
942 ## - ADDED ENTRY ELEMENTS (KOHA)
-- 156
Holdings
Withdrawn status Lost status Source of classification or shelving scheme Damaged status Not for loan Home library Current library Shelving location Date acquired Vendor Name Cost, normal purchase price Volume Information (Serial or Books or Non-Book Material) SGTU Bill Number Total Checkouts Full call number Accession No. (Barcode) Date last seen Date last borrowed Bill Date Koha item type Total Renewals
    Dewey Decimal Classification     SGT Dental Library SGT Dental Library Text Book 25/02/2021 AHUJA BOOK COMPANY 750.00 1 SGTU 12616 17 617.432 P18T FD8109 27/08/2024 27/08/2024 27/01/2021 Books  
    Dewey Decimal Classification     SGT Dental Library SGT Dental Library Text Book 25/02/2021 AHUJA BOOK COMPANY 750.00 1 SGTU 12616 13 617.432 P18T FD8110 20/02/2026 19/02/2026 27/01/2021 Books  
    Dewey Decimal Classification     SGT Dental Library SGT Dental Library Text Book 25/02/2021 AHUJA BOOK COMPANY 750.00 1 SGTU 12616 14 617.432 P18T FD8111 12/05/2026 11/05/2026 27/01/2021 Books  
    Dewey Decimal Classification     SGT Dental Library SGT Dental Library Text Book 25/02/2021 AHUJA BOOK COMPANY 750.00 1 SGTU 12616 36 617.432 P18T FD8112 06/12/2024 06/12/2024 27/01/2021 Books  
    Dewey Decimal Classification     SGT Dental Library SGT Dental Library Text Book 25/02/2021 AHUJA BOOK COMPANY 750.00 2 SGTU 12616 21 617.432 P18T FD8113 05/05/2026 30/04/2026 27/01/2021 Books  
    Dewey Decimal Classification     SGT Dental Library SGT Dental Library Text Book 25/02/2021 AHUJA BOOK COMPANY 750.00 2 SGTU 12616 52 617.432 P18T FD8114 27/05/2026 11/05/2026 27/01/2021 Books 1
    Dewey Decimal Classification     SGT Dental Library SGT Dental Library Text Book 25/02/2021 AHUJA BOOK COMPANY 750.00 2 SGTU 12616 32 617.432 P18T FD8115 14/01/2026 12/01/2026 27/01/2021 Books  
    Dewey Decimal Classification     SGT Dental Library SGT Dental Library Text Book 25/02/2021 AHUJA BOOK COMPANY 750.00 2 SGTU 12616 27 617.432 P18T FD8116 19/05/2026 19/05/2026 27/01/2021 Books  
    Dewey Decimal Classification     SGT Dental Library SGT Dental Library   02/06/2026     1 SGTU     617.432 P18T FD10206 02/06/2026   02/06/2026 Books  
    Dewey Decimal Classification     SGT Dental Library SGT Dental Library   02/06/2026     2 SGTU     617.432 P18T FD10207 02/06/2026   02/06/2026 Books